QCM Standard de liège - Statistiques

Statistiques générales
  • Ce quiz a été pris 229 fois
  • Le résultat moyen est 11 sur 15
Statistiques - réponses
Question Réponse % Correct
Quels est la devise du standard Passion Fierté Ferveur
95%
Quel proposition ne correspond pas au stade Le pays noir
92%
Quel joueur a rejoint Anderlecht et s'est vu décapité sur un tifo pour son retour Steven Defour
88%
Comment se nomme le groupe de supporter se trouvant en Tribune Terril Ultras Inferno
87%
Quel joueur a scandé Puta Anderlecht juste avant son départ pour le Galatasaray Luyindama
84%
Quel joueur incarnant l' ADN Standard est parti pour l'impact Montreal en 2017 pour mieux soigné sa fille Ciman
83%
Quel est le matricule du standard 16
82%
Quel est la plus grosse vente du standard Fellaini
75%
Comment se nomme le groupe de supporter se trouvant en T4 PHK
70%
Qui est l'arrivé record au standard de liège Vanheusden
62%
Quel joueur emblématique du club a planté un drapeau de corner au milieu du terrain du sporting de charleroi Sebastien Pocognoli
55%
Quel est la capacité du stade 27.670
54%
Combien de titre de champion de Belgique a gagné le standard 10
53%
En quel année le standard a remporté le championnat en match aller-retour contre Anderlecht 2009
53%
Combien de coupe de Belgique possède le standard 8
42%
Aucun quiz correspondant
Distribution des résultats
% des personnes avec chaque résultat
Percentile par nombre de réponses
Votre historique - résultats
Vous n’avez pas pris ce quiz